000 00289nam a2200109 4500
999 _c9651
_d9651
003 OSt
005 20211127113742.0
008 211127b ||||| |||| 00| 0 eng d
245 _a2011 Ashrae handbook fundamentals
260 _a Atlanta
_bAmerican society of heating refrigerating
942 _2ddc